[Event "Gold Coast Parkroyal op"]
[Site "Gold Coast"]
[Date "2000.06.07"]
[Round "1"]
[White "Galdunts, Sergey"]
[Black "Hanks, John"]
[Result "1-0"]
[WhiteElo "2473"]
[BlackElo "2166"]
[PlyCount "79"]
[EventDate "2000.06.07"]
[Source "ChessBase"]
[SourceDate "2000.07.11"]

1. e4 e5 2. Nf3 Nc6 3. Bb5 a6 4. Ba4 d6 5. c4 Bg4 6. Nc3 Nf6 7. h3 Bxf3 8. Qxf3 Nd7 9. Bxc6 bxc6 10. Ne2 g6 11. d4 Bg7 12. d5 c5 13. O-O O-O 14. Qd3 Rb8 15. Rb1 Qe7 16. Bd2 f5 17. f3 f4 18. a3 Ra8 19. b4 h5 20. Nc1 Kh8 21. Nb3 Rg8 22. bxc5 dxc5 23. Na5 Nb6 24. Nc6 Qd6 25. Ba5 Bf6 26. Bxb6 cxb6 27. Rxb6 Bd8 28. Rb7 Bc7 29. Qc3 Rae8 30. Ra7 g5 31. Rb1 Rg7 32. Rbb7 Reg8 33. Rxc7 Rxc7 34. Nxe5 Rxa7 35. Nf7+ Kh7 36. Nxd6 Rag7 37. e5 g4 38. fxg4 hxg4 39. hxg4 Rxg4 40. Qh3+ 1-0

[Event "COL Ch"]
[Site "Colombia"]
[Date "1988.??.??"]
[Round "8"]
[White "Gutierrez, Jose A"]
[Black "Gonzales, S."]
[Result "1-0"]
[WhiteElo "2330"]
[BlackElo "2305"]
[PlyCount "97"]
[EventDate "1988.??.??"]
[Source "www.chesslib.no"]
[SourceDate "2004.05.04"]

1. e4 e5 2. Nf3 Nc6 3. Bb5 a6 4. Ba4 d6 5. c4 Bd7 6. d4 Nxd4 7. Nxd4 exd4 8. Bxd7+ Qxd7 9. Qxd4 Nf6 10. Nc3 Be7 11. O-O O-O 12. h3 Rfe8 13. Re1 h6 14. Bf4 b5 15. Rad1 Rad8 16. Qd3 Rb8 17. cxb5 axb5 18. e5 Nh5 19. Bh2 b4 20. Ne4 f5 21. Nc5 Qc6 22. Na6 Ra8 23. Nxb4 Qb7 24. Qd5+ Qxd5 25. Nxd5 dxe5 26. Rxe5 Bc5 27. Rxf5 g6 28. Rxh5 gxh5 29. Nf6+ Kf7 30. Nxe8 Rxe8 31. Kf1 c6 32. Rc1 Bb4 33. Bf4 Re6 34. a3 Ba5 35. Be3 Ke8 36. b4 Bd8 37. a4 Kd7 38. a5 Re4 39. Bc5 Kc8 40. a6 Bf6 41. b5 cxb5 42. Bd4+ Kb8 43. Bxf6 Ka7 44. Ra1 b4 45. Ra4 Rc4 46. Ke2 Rc2+ 47. Kd3 b3 48. Bd4+ Ka8 49. Rb4 1-0

[Event "Ikaros Open 2006"]
[Site "?"]
[Date "2006.07.13"]
[Round "2"]
[White "Saltaev, Mihail"]
[Black "Pambalou, Foteini"]
[Result "1/2-1/2"]
[WhiteElo "2508"]
[BlackElo "2127"]
[PlyCount "88"]
[EventDate "2006.??.??"]
[Source "www.chesslib.no"]
[SourceDate "2004.05.04"]

1. e4 e5 2. Nf3 Nc6 3. Bb5 a6 4. Ba4 d6 5. c4 Nf6 6. Nc3 g6 7. d4 Bd7 8. O-O Bg7 9. dxe5 Nxe5 10. Nxe5 dxe5 11. Bxd7+ Qxd7 12. Qf3 O-O 13. Bg5 Qg4 14. Qxg4 Nxg4 15. Nd5 f6 16. Bd2 Rf7 17. h3 Nh6 18. Rad1 f5 19. f3 Bf8 20. b4 Re8 21. g4 c6 22. Nb6 fxe4 23. fxe4 Rxf1+ 24. Rxf1 Rd8 25. Rxf8+ Rxf8 26. Bxh6 Rf3 27. Kg2 Ra3 28. Bc1 Rxa2+ 29. Kf3 Rc2 30. Be3 Rc3 31. Kf2 Rb3 32. Bc5 Rxh3 33. Nd7 Rb3 34. Nxe5 b6 35. Bxb6 Rxb4 36. c5 Rxe4 37. Nxc6 Rxg4 38. Nb8 Rb4 39. Nxa6 Rb2+ 40. Kf3 Kf7 41. Bc7 Rc2 42. Bd6 Ke6 43. Nc7+ Kd7 44. Nd5 Rxc5 1/2-1/2

[Event "Melbourne"]
[Site "Melbourne AUS"]
[Date "1993.??.??"]
[Round "6"]
[White "Sarapu, Ortvin"]
[Black "Kagan, Naum"]
[Result "1/2-1/2"]
[WhiteElo "2300"]
[BlackElo "2335"]
[PlyCount "52"]
[EventDate "1993.??.??"]
[Source "www.chesslib.no"]
[SourceDate "2004.05.04"]

1. e4 e5 2. Nf3 Nc6 3. Bb5 a6 4. Ba4 d6 5. c4 Nf6 6. Nc3 Bg4 7. h3 Bxf3 8. Qxf3 Be7 9. d3 O-O 10. Bxc6 bxc6 11. O-O Rb8 12. b3 Nd7 13. Be3 Bf6 14. Rad1 Re8 15. d4 exd4 16. Bxd4 Bxd4 17. Rxd4 Nc5 18. e5 Rxe5 19. Qxc6 Ne6 20. Rdd1 Nf4 21. Nd5 Nxd5 22. cxd5 Rb6 23. Qc4 h6 24. Rfe1 Qe7 25. Rxe5 dxe5 26. Rc1 Rd6 1/2-1/2

[Event "Chicago USA"]
[Site "?"]
[Date "2006.05.27"]
[Round "3"]
[White "Bierkens Pieter"]
[Black "Martinez Marcel"]
[Result "0-1"]
[WhiteElo "2232"]
[BlackElo "2400"]
[PlyCount "110"]
[EventDate "2006.??.??"]
[Source "www.chesslib.no"]
[SourceDate "2004.05.04"]

1. e4 e5 2. Nf3 Nc6 3. Bb5 a6 4. Ba4 d6 5. c4 Bg4 6. Nc3 Nf6 7. d4 exd4 8. Ne2 Bd7 9. Nexd4 Nxd4 10. Bxd7+ Nxd7 11. Qxd4 Qf6 12. Be3 Be7 13. O-O O-O 14. Rfe1 Rfe8 15. Rad1 Qg6 16. Qd3 Bf6 17. Bd4 Rad8 18. b4 Nf8 19. Bxf6 Qxf6 20. Qd5 c6 21. Qd4 Qe7 22. a4 Ne6 23. Qc3 Nf4 24. g3 Ng6 25. Kg2 Qe6 26. h3 h5 27. Ng5 Qe7 28. h4 Ne5 29. Nf3 Ng4 30. Nd4 Qf6 31. Qf3 Qe5 32. Qf5 g6 33. Qf4 a5 34. b5 Qc5 35. Nf3 Qxf2+ 36. Kh1 Re6 37. Rd2 Qc5 38. e5 Rde8 39. Ng5 Rf6 40. Ne4 Rxf4 41. Nxc5 Rxc4 42. Nxb7 Rxe5 43. Rxe5 dxe5 44. Nxa5 Rc1+ 45. Kg2 cxb5 46. axb5 Rb1 47. Rd8+ Kg7 48. Rb8 Rb2+ 49. Kf1 e4 50. b6 e3 51. Nc4 Nh2+ 52. Ke1 Nf3+ 53. Kd1 e2+ 54. Kc1 e1=Q+ 55. Kxb2 Qb4+ 0-1

[Event "BL2-W9798"]
[Site "Germany"]
[Date "1998.??.??"]
[Round "?"]
[White "Baumhus, Reinhard"]
[Black "Koehn, Peter"]
[Result "1/2-1/2"]
[WhiteElo "2330"]
[BlackElo "2300"]
[PlyCount "94"]
[EventDate "1997.10.??"]
[Source "www.chesslib.no"]
[SourceDate "2004.05.04"]

1. e4 e5 2. Nf3 Nc6 3. Bb5 a6 4. Ba4 d6 5. c4 Nf6 6. Nc3 Bd7 7. O-O g6 8. d4 exd4 9. Nxd4 Bg7 10. Nxc6 Bxc6 11. Bxc6+ bxc6 12. Qa4 Qd7 13. Rd1 c5 14. Qa5 O-O 15. Bg5 Rfe8 16. f3 Qc6 17. Rab1 Re5 18. Bxf6 Bxf6 19. Nd5 Bd8 20. Qc3 a5 21. Re1 Qe8 22. f4 Rxe4 23. Rxe4 Qxe4 24. Re1 Qd4+ 25. Qxd4 cxd4 26. Re8+ Kg7 27. Nxc7 d3 28. Kf1 Rc8 29. b3 a4 30. Nd5 axb3 31. axb3 Ra8 32. Re1 Ra3 33. Rb1 Bf6 34. Nxf6 Kxf6 35. Kf2 Ra2+ 36. Ke3 d2 37. Rd1 Rb2 38. Rxd2 Rxb3+ 39. Kd4 Ke6 40. Re2+ Kd7 41. Ra2 Ke6 42. g4 h5 43. Re2+ Kf6 44. gxh5 gxh5 45. Re3 Rb2 46. Rh3 Kg6 47. Ke4 Re2+ 1/2-1/2

[Event "FRG Ch 12th"]
[Site "Oberursel"]
[Date "1972.??.??"]
[Round "?"]
[White "Hermann, Manfred"]
[Black "Scheipl, Ralf"]
[Result "1-0"]
[WhiteElo "2310"]
[BlackElo "2320"]
[PlyCount "81"]
[EventDate "1972.05.20"]
[Source "www.chesslib.no"]
[SourceDate "2004.05.04"]

1. e4 e5 2. Nf3 Nc6 3. Bb5 a6 4. Ba4 d6 5. c4 Bg4 6. h3 Bxf3 7. Qxf3 Nf6 8. d3 Be7 9. Be3 O-O 10. Nc3 Nd4 11. Bxd4 exd4 12. Ne2 c5 13. O-O Qa5 14. Bb3 Qd2 15. Rab1 Nd7 16. Nf4 Ne5 17. Qg3 Rae8 18. Rfd1 Qa5 19. Nd5 Qd8 20. f4 Bh4 21. Qh2 Ng6 22. g3 Be7 23. h4 Qd7 24. h5 Nh8 25. Rf1 f6 26. Bd1 Bd8 27. b4 b5 28. Bb3 Nf7 29. Rfc1 Be7 30. h6 gxh6 31. cxb5 axb5 32. bxc5 dxc5 33. Rxc5 Bd8 34. Rbc1 Kh8 35. Nc7 Re7 36. Qh4 Kg7 37. Ne6+ Rxe6 38. Qg4+ Kh8 39. Qxe6 Qa7 40. Rc8 Qa5 41. Qh3 1-0

[Event "POL Ch 36th"]
[Site "Tarnow"]
[Date "1979.??.??"]
[Round "1"]
[White "Pokojowczyk, Jerzy"]
[Black "Szajna, Wladyslaw"]
[Result "1-0"]
[WhiteElo "2365"]
[BlackElo "2265"]
[PlyCount "75"]
[EventDate "1979.??.??"]
[Source "www.chesslib.no"]
[SourceDate "2004.05.04"]

1. e4 e5 2. Nf3 Nc6 3. Bb5 a6 4. Ba4 d6 5. c4 Bd7 6. d4 b5 7. cxb5 Nxd4 8. Nxd4 exd4 9. Qxd4 axb5 10. Bc2 Qf6 11. Qd3 Be7 12. Nc3 c6 13. O-O Nh6 14. f4 Qh4 15. Bd2 f5 16. a4 b4 17. Nd1 fxe4 18. Qxe4 d5 19. Qd4 Qf6 20. Qxf6 gxf6 21. Re1 Kf7 22. Nf2 Nf5 23. Bd1 h5 24. Rc1 c5 25. b3 Rac8 26. Nd3 Be6 27. h3 h4 28. Rxe6 Kxe6 29. Bg4 c4 30. Re1+ Kf7 31. Bxf5 cxd3 32. Be6+ Kg7 33. Bxc8 Bc5+ 34. Kf1 Rxc8 35. Rc1 Rc7 36. Bxb4 Bb6 37. Rxc7+ Bxc7 38. Bd2 1-0